| 000 | 00816nam a22002537a 4500 | ||
|---|---|---|---|
| 003 | DO-SdBNP | ||
| 005 | 20240305132444.0 | ||
| 007 | ta | ||
| 008 | 221010b2011 dr ||||| |||| 00| 0 spa d | ||
| 020 | _a978993449805 | ||
| 040 |
_aDO-SdBNP _bspa _cBNPHU _erda |
||
| 082 | 4 |
_aRD863.44 _bM917d, 2011 _222 |
|
| 100 | 1 |
_aMota Álvarez, Denis, _d1952- _911007 |
|
| 245 | 1 | 0 |
_aDel lado de la vida / _cDenis Mota Álvarez ; prólogo Manuel Mora Serrano. |
| 260 |
_aSanto Domingo : _bGente, _c2011. |
||
| 300 |
_a121 p. ; _c21 cm. |
||
| 500 | _aIncluye datos biográficos del autor en las solapas | ||
| 590 | _aInventariado, 2022/BT | ||
| 650 | 4 | _aPoesía dominicana | |
| 650 | 4 | _aLiteratura dominicana | |
| 700 | 1 |
_aMora Serrano, Manuel, _epról. _982512 |
|
| 910 | _aValidado. Control de calidad MFF | ||
| 942 |
_2ddc _cLBS1 |
||
| 999 |
_c52546 _d52546 |
||